Financial Services (Record no. 176241)

MARC details
000 -LEADER
fixed length control field 00361nam a22001697a 4500
005 - DATE AND TIME OF LATEST TRANSACTION
control field 20250904150050.0
020 ## - INTERNATIONAL STANDARD BOOK NUMBER
ISBN 9788126564071
041 ## - LANGUAGE CODE
Language code of text/sound track or separate title English
082 ## - DEWEY DECIMAL CLASSIFICATION NUMBER
Classification number 332.1 Q17 SHA
100 ## - MAIN ENTRY--AUTHOR NAME
Personal name Shanmugham R
245 ## - TITLE STATEMENT
Title Financial Services
250 ## - EDITION STATEMENT
Edition statement 02
260 ## - PUBLICATION, DISTRIBUTION, ETC. (IMPRINT)
Place of publication New Delhi
Name of publisher Weiley India
Year of publication 2017
300 ## - PHYSICAL DESCRIPTION
Number of Pages 390
365 ## - TRADE PRICE
Price amount 939.00
942 ## - ADDED ENTRY ELEMENTS (KOHA)
Koha item type Books
Holdings
Withdrawn status Lost status Home library Current library Shelving location Date acquired Cost, normal purchase price Full call number Accession Number Cost, replacement price Department Koha item type
    PSG-CAS LIBRARY PSG-CAS LIBRARY AW ROW 11 RACK 160A SELF 3 04/09/2025 939.00 332.1 Q17 SHA 151998 939.00 Economics Books
    PSG-CAS LIBRARY PSG-CAS LIBRARY AW ROW 11 RACK 160A SELF 3 04/09/2025 939.00 332.1 Q17 SHA 151999 939.00 Economics Books
    PSG-CAS LIBRARY PSG-CAS LIBRARY AW ROW 11 RACK 160A SELF 3 04/09/2025 939.00 332.1 Q17 SHA 152000 939.00 Economics Books
    PSG-CAS LIBRARY PSG-CAS LIBRARY AW ROW 11 RACK 160A SELF 3 04/09/2025 939.00 332.1 Q17 SHA 152001 939.00 Economics Books

Contact Us:

PSGCAS LIBRARY
Phone: 04224303300
Website: http://www.psgcas.ac.in/ | Email: psgcaslib@gmail.com


You are Visitor Number

web counter